000 01024cab a2200217 4500
001 X96803
008 090401t1999 xxu||||| |||| 00| 0 eng d
035 _a(Sirsi) u91468
041 _aeng
245 _aUndue influence
260 _c1999
350 _a0
490 _aEstates Gazette
_v[1999] egcs 13 (13/02/1999)
520 _a"Bank of Cyprus (London) Ltd v Markou and another" ChD 29 January 1999. Wife induced by husband to give unlimited guarantee to plaintiff bank against indebtedness of company operated solely by husband - Wife joining in charge of family home to secure guarantee obligations - Whether bank put on inquiry as to possible misrepresentation and/or undue influence - Whether wife`s shareholding precluded contention that transaction manifestly disadvantageous. (HEADNOTE FROM JOURNAL)
650 _aBANK OF CYPRUS (LONDON) LTD V MARKOU AND ANOTHER
650 _aGUARANTEE
650 _aUNDUE INFLUENCE
690 _aPROPERTY LAW AND PRACTICE-CASE LAW
942 _n0
948 _c19/02/1999
999 _c58071
_d58071